| 000 | 00383nam a22001577a 4500 | ||
|---|---|---|---|
| 020 | _a9789699532016 | ||
| 082 | _a294.60954 SAF | ||
| 100 | _aSafdar Ali Shah | ||
| 245 | _aThe Sikh Heritage of Pakistan | ||
| 260 |
_aLahore _bConstellation Plus |
||
| 300 | _a96 p. | ||
| 500 | _aIncludes index | ||
| 650 | _aSikh Heritage---Pakistan | ||
| 700 | _aSyed Javaid A. Kazi | ||
| 942 | _cBK | ||
| 999 |
_c13210 _d13210 |
||